Wszystkie miasta DK9,S9 - Statystyki

Ogólne statystyki
  • Ten quiz został rozwiązany 7 razy
  • Średni wynik to 7 z 10
Statystyki odpowiedzi
Województwo Liczba mieszkańców Odpowiedź % Poprawnych
Świętokrzyskie 61 600 Ostrowiec Świętokrzyski
100%
Mazowieckie 194 900 Radom
100%
Podkarpackie 10 700 Głogów Małopolski
71%
Mazowieckie 4200 Iłża
71%
Podkarpackie 8500 Kolbuszowa
71%
Świętokrzyskie 2700 Kunów
57%
Podkarpackie 10 300 Nowa Dęba
57%
Świętokrzyskie 5800 Opatów
57%
Świętokrzyskie 1700 Klimontów
43%
Mazowieckie 4500 Skaryszew
43%
Nie znaleziono quizów pasujących do podanych kryteriów
Rozkład punktacji
Procent ludzi z każdym wynikiem
Percentyl według liczby udzielonych odpowiedzi
Twoja historia wyników
Nie rozwiązałeś tego quizu